Asomiya natak/ (Record no. 11227)

MARC details
000 -LEADER
fixed length control field 00507nam a22001937a 4500
005 - DATE AND TIME OF LATEST TRANSACTION
control field 20260515114911.0
008 - FIXED-LENGTH DATA ELEMENTS--GENERAL INFORMATION
fixed length control field 211122b ||||| |||| 00| 0 eng d
020 ## - INTERNATIONAL STANDARD BOOK NUMBER
International Standard Book Number 9789391060282
040 ## - CATALOGING SOURCE
Original cataloging agency IN-DiNC
Transcribing agency IN-DiNC
041 ## - LANGUAGE CODE
Language code of sung or spoken text asm
082 ## - DEWEY DECIMAL CLASSIFICATION NUMBER
Classification number 891.4512
Item number ASO
245 ## - TITLE STATEMENT
Title Asomiya natak/
Statement of responsibility, etc. Edited by Ashim Chutia
250 ## - EDITION STATEMENT
Edition statement 1st ed.
260 ## - PUBLICATION, DISTRIBUTION, ETC.
Place of publication, distribution, etc. Dibrugarh:
Name of publisher, distributor, etc. Banalata,
Date of publication, distribution, etc. 2021
300 ## - PHYSICAL DESCRIPTION
Extent 248p.
650 ## - SUBJECT ADDED ENTRY--TOPICAL TERM
Topical term or geographic name entry element Critical essays on Assamese drama
700 ## - ADDED ENTRY--PERSONAL NAME
Personal name Chutia, Ashim
Relator term Editor
942 ## - ADDED ENTRY ELEMENTS (KOHA)
Source of classification or shelving scheme Dewey Decimal Classification
Koha item type Books
Holdings
Withdrawn status Lost status Source of classification or shelving scheme Damaged status Not for loan Collection Home library Current library Shelving location Date acquired Cost, normal purchase price Total checkouts Full call number Barcode Date last seen Date last checked out Copy number Price effective from Koha item type
    Dewey Decimal Classification       Naharkatiya College Library Naharkatiya College Library General stacks 11/22/2021 220.00 17 891.4512 ASO 28741 03/27/2026 03/24/2026 1 11/22/2021 Books
    Dewey Decimal Classification       Naharkatiya College Library Naharkatiya College Library General stacks 11/22/2021 220.00 2 891.4512 ASO 28742 08/18/2022 08/16/2022 2 11/22/2021 Books
    Dewey Decimal Classification       Naharkatiya College Library Naharkatiya College Library General stacks 11/22/2021 220.00 20 891.4512 ASO 28743 11/26/2024 11/06/2024 3 11/22/2021 Books
    Dewey Decimal Classification       Naharkatiya College Library Naharkatiya College Library General stacks 11/22/2021 220.00 19 891.4512 ASO 28744 03/05/2026 02/23/2026 4 11/22/2021 Books
    Dewey Decimal Classification       Naharkatiya College Library Naharkatiya College Library General stacks 11/22/2021 220.00 28 891.4512 ASO 28745 02/19/2026 01/30/2026 5 11/22/2021 Books